书目信息 |
| 题名: |
激荡三十年:中国企业1978-2008
|
|
| 作者: | 吴晓波 著 | |
| 分册: | 上册 | |
| 出版信息: | 北京 中信出版社 2014.08 |
|
| 页数: | 370页 | |
| 开本: | 20cm | |
| 丛书名: | ||
| 单 册: | ||
| 中图分类: | F279.297 | |
| 科图分类: | ||
| 主题词: | 企业经济 | |
| 电子资源: | ||
| ISBN: | 7-5086-4653-3 | |
| 000 | 00580nam0 2200193 450 | |
| 001 | 1731717774 | |
| 005 | 20170612085704.29 | |
| 010 | @a7-5086-4653-3@dCNY45.00 | |
| 100 | @a20170612d2014 km y0chiy0120 ea | |
| 101 | 0 | @achi |
| 102 | @aCN@b110000 | |
| 200 | 1 | @a激荡三十年:中国企业1978-2008@Aji dang san shi nian:zhong guo qi ye 1978-2008@h上册@f吴晓波著@Fwu xiao bo zhu |
| 210 | @a北京@c中信出版社@d2014.08 | |
| 215 | @a370页@d20cm | |
| 606 | 0 | @a企业经济 |
| 690 | @aF279.297@v4 | |
| 701 | 0 | @a吴晓波@Awu xiao bo@4著 |
| 801 | 0 | @aCN@bMUSE@c20170612 |
| 905 | @aMUSE@dF279.297@eW890:1 | |
| 激荡三十年:中国企业1978-2008.上册/吴晓波著.-北京:中信出版社,2014.08 |
| 370页;20cm |
| ISBN 7-5086-4653-3:CNY45.00 |
| ● |
| 相关链接 |
|
|
|
正题名:激荡三十年:中国企业1978-2008
索取号:F279.297/W890:1
 
预约/预借
| 序号 | 登录号 | 条形码 | 馆藏地/架位号 | 状态 | 备注 |
| 1 | 1236639 | 212366394 | 土木与交通工程学院资料室/ [索取号:F279.297/W890:1] | 在馆 | |
| 2 | 1236640 | 212366401 | 土木与交通工程学院资料室/ [索取号:F279.297/W890:1] | 在馆 | |
| 3 | 1236641 | 212366410 | 土木与交通工程学院资料室/ [索取号:F279.297/W890:1] | 在馆 | |
| 4 | 1236642 | 212366429 | 土木与交通工程学院资料室/ [索取号:F279.297/W890:1] | 在馆 | |
| 5 | 1236643 | 212366438 | 土木与交通工程学院资料室/ [索取号:F279.297/W890:1] | 在馆 | |
| 6 | 1236644 | 212366447 | 土木与交通工程学院资料室/ [索取号:F279.297/W890:1] | 在馆 | |
| 7 | 1236645 | 212366456 | 土木与交通工程学院资料室/ [索取号:F279.297/W890:1] | 在馆 | |
| 8 | 1236646 | 212366465 | 土木与交通工程学院资料室/ [索取号:F279.297/W890:1] | 在馆 | |
| 9 | 1236647 | 212366474 | 土木与交通工程学院资料室/ [索取号:F279.297/W890:1] | 在馆 | |
| 10 | 1236648 | 212366483 | 土木与交通工程学院资料室/ [索取号:F279.297/W890:1] | 在馆 | |
| 11 | 1236649 | 212366492 | 土木与交通工程学院资料室/ [索取号:F279.297/W890:1] | 在馆 | |
| 12 | 1236650 | 212366508 | 土木与交通工程学院资料室/ [索取号:F279.297/W890:1] | 在馆 | |
| 13 | 1236651 | 212366517 | 土木与交通工程学院资料室/ [索取号:F279.297/W890:1] | 在馆 | |
| 14 | 1236652 | 212366526 | 土木与交通工程学院资料室/ [索取号:F279.297/W890:1] | 在馆 | |
| 15 | 1236653 | 212366535 | 土木与交通工程学院资料室/ [索取号:F279.297/W890:1] | 在馆 | |
| 16 | 1236654 | 212366544 | 土木与交通工程学院资料室/ [索取号:F279.297/W890:1] | 在馆 | |
| 17 | 1236655 | 212366553 | 土木与交通工程学院资料室/ [索取号:F279.297/W890:1] | 在馆 | |
| 18 | 1236656 | 212366562 | 土木与交通工程学院资料室/ [索取号:F279.297/W890:1] | 在馆 | |
| 19 | 1236657 | 212366571 | 土木与交通工程学院资料室/ [索取号:F279.297/W890:1] | 在馆 | |
| 20 | 1236658 | 212366580 | 土木与交通工程学院资料室/ [索取号:F279.297/W890:1] | 在馆 | |
| 21 | 1236659 | 212366599 | 土木与交通工程学院资料室/ [索取号:F279.297/W890:1] | 在馆 | |
| 22 | 1236660 | 212366606 | 土木与交通工程学院资料室/ [索取号:F279.297/W890:1] | 在馆 | |
| 23 | 1236661 | 212366615 | 土木与交通工程学院资料室/ [索取号:F279.297/W890:1] | 在馆 | |
| 24 | 1236662 | 212366624 | 土木与交通工程学院资料室/ [索取号:F279.297/W890:1] | 在馆 | |
| 25 | 1236663 | 212366633 | 土木与交通工程学院资料室/ [索取号:F279.297/W890:1] | 在馆 |